000 00716nam a2200217 u 4500
001 000020739
005 20240530073919.0
008 100813s2015 dr r 000 0 spa d
020 _a9789945084498
040 _aDO-SdBNP
_bspa
_cBNPHU
082 _aRD863.5
_bL791p
100 1 _aLladó, Juan
_937138
245 1 0 _aEl príncipe de Punta Cana /
_cJuan Lladó.
260 _aSanto Domingo :
_bSoto Castillo,
_c2015.
300 _a305 p. ;
_c23 cm.
500 _aIncluye datos biográficos del autor en las solapas
590 _aLa biblioteca posee 3 ejemplares autográfiados por el autor
650 0 _aNovela dominicana
_9223
650 0 _aLiteratura dominicana.
_967
910 _aValidado. Control de calidad MFF
999 _c20243
_d20243